[Event "Wch U14"]
[Site "Kemer"]
[Date "2007.11.28"]
[Round "11"]
[White "Malamatas, Konstantinos"]
[Black "Bagirzade, Agaismayil"]
[Result "1/2-1/2"]
[WhiteElo "1895"]
[BlackElo "1907"]
[PlyCount "56"]
[EventDate "2007.11.18"]
[EventType "swiss"]
[EventRounds "11"]
[EventCountry "TUR"]
[SourceTitle "CBM 121 Extra"]
[Source "ChessBase"]
[SourceDate "2008.01.10"]
[SourceVersion "1"]
[SourceVersionDate "2008.01.10"]
[SourceQuality "1"]

1. e4 c6 2. d4 d5 3. e5 Bf5 4. Nc3 e6 5. g4 Bg6 6. Nge2 Qb6 7. Rb1 c5 8. Be3 Nc6 9. f4 0-0-0 10. Kf2 h5 11. g5 Kb8 12. a3 cxd4 13. Nxd4 Nxd4 14. Qxd4 Qxd4 15. Bxd4 Bxc2 16. Rc1 Bg6 17. Nb5 a6 18. Ba7+ Ka8 19. Bb6 axb5 20. Bxd8 Ka7 21. Rc8 b4 22. a4 Be4 23. Rg1 Ne7 24. Bxe7 Bxe7 25. Rxh8 Bc5+ 26. Kg3 Bxg1 27. Rc8 Bd4 28. b3 Bc3 1/2-1/2

[Event "Wch U14"]
[Site "Kemer"]
[Date "2007.11.27"]
[Round "10"]
[White "Bagirzade, Agaismayil"]
[Black "Kantans, Toms"]
[Result "0-1"]
[WhiteElo "1907"]
[BlackElo "2015"]
[PlyCount "93"]
[EventDate "2007.11.18"]
[EventType "swiss"]
[EventRounds "11"]
[EventCountry "TUR"]
[SourceTitle "CBM 121 Extra"]
[Source "ChessBase"]
[SourceDate "2008.01.10"]
[SourceVersion "1"]
[SourceVersionDate "2008.01.10"]
[SourceQuality "1"]

1. e4 d5 2. exd5 Qxd5 3. Nc3 Qd6 4. d4 Nf6 5. Nf3 a6 6. Be2 Bf5 7. 0-0 Nc6 8. a3 0-0-0 9. Be3 e5 10. dxe5 Nxe5 11. Qxd6 Bxd6 12. Nd4 Bg6 13. h3 Bc5 14. Rad1 Rd7 15. b4 Ba7 16. Na2 Rhd8 17. c3 Nd5 18. Nf5 Bxf5 19. Bxa7 Nf4 20. Rde1 Nxe2+ 21. Rxe2 Nc6 22. Be3 Bd3 23. Rfe1 Bxe2 24. Rxe2 f6 25. g3 Ne5 26. a4 Nc4 27. Bd4 b6 28. Kg2 a5 29. b5 Nd6 30. g4 Re8 31. Rd2 Nc4 32. Rc2 Re1 33. Kf3 Rde7 34. h4 Rd1 35. Kg3 Ree1 36. f3 Rd2 37. Rxd2 Nxd2 38. c4 Nxc4 39. Nc3 Ne5 40. g5 Kd7 41. f4 Nd3 42. gxf6 gxf6 43. Bxf6 Ke6 44. Bd4 Kf5 45. Nd5 Ke4 46. Nxb6 cxb6 47. Bxb6 0-1